000 00465nam a2200181 a 4500
001 2547
005 20180713182526.0
008 140415s1970 mx 000 0 spa d
041 _aspa
082 _a372.6
_bAND
100 1 _aANDERSEN, DAN W.
245 1 0 _aENSEƑANZA DE LA ESCRITURA
250 _a1a ed.
260 _aMEXICO :
_bCENTRO REGIONAL DE AYUDA TECNICA,
_c1970
300 _a39
650 1 4 _aESCRITURA
700 1 _aPIRK, ANDRES
_etr.
999 _c2547
_d2547